| 000 | 00000nam##2200000za#4500 |
| 001 | 9.603526 |
| 003 | CaOODSP |
| 005 | 20210624211122 |
| 007 | cr ||||||||||| |
| 008 | 150406|1996||||xxc|||||o f|0| 0 fre|d |
| 040 | |aCaOODSP|bfre |
| 043 | |an-cn--- |
| 086 | 1 |aSC94-57/10-1996F-PDF |
| 110 | 1 |aCanada.|bCentre canadien de gestion. |
| 245 | 13|aLa série Dewar - perspectives sur la gestion publique : |h[ressource électronique]|bun leadership stratégique en vue du renouvellement de la fonction publique |
| 260 | |aOttawa - Ontario : |bCentre canadien de gestion |cc1996. |
| 300 | |a97p.|bréférences |
| 490 | 1 |aExplorations|vN° 10 |
| 500 | |aLe n° de catalogue (SC94-57/10-1996) et l'ISBN (0-662-62529-3) copiés dans cette édition PDF sont incorrects. |
| 590 | |a12-16-Supp|b2012-04-17 |
| 691 | 07|aGestion|2gcpds |
| 775 | 08|tThe Dewar series - perspectives on public management : |w(CaOODSP)9.573344 |
| 776 | 0#|tLa série Dewar, perspectives sur la gestion publique : |w(CaOODSP)9.624682 |
| 830 | #0|aExplorations ;|vN° 10|w(CaOODSP)9.503291 |
| 856 | 40|ahttp://publications.gc.ca|qPDF|s353 Ko|uhttps://publications.gc.ca/collections/Collection/SC94-57-10-1996F.pdf|yN° 10 |